000 00587nam a2200205 a 4500
005 20140310183344.0
008 070208s19uu xx 00 eng d
020 _a13-978-981-259-660-4
050 _aRT 41
_b.Ac182 2006
100 _aAckley, Betty J.
245 _aNursing diagnosis handbook :
_ba guide to planning care.
250 _a7th ed.
260 _aQuezon City :
_bC&E Publishing, Inc,
_c2006.
300 _a1353 p. :
_c21 cm.
521 _aNUR
650 _aDiagnosis
_xhandbooks, manuals, etc.
700 _aLadwig, Gail B.
942 _cBK
_2lcc
_kFOR
999 _c21905
_d21905